Statistics for Countries by Highest Population In 1000

Click here to take the quiz!

General Stats

  • This quiz has been taken 27 times
  • The average score is 3 of 10

Answer Stats

Population% of WorldCountry% Correct
80 000 00024.19Song China
96%
7 200 0002.3Kingdom of France
74%
7 000 0002.26Japan
63%
12 000 0004.1Holy Roman Empire
52%
12 500 0004.03Fatimid Egypt
26%
6 500 0002.1Buyid Iran
15%
27 500 0005.65Chola Empire
4%
7 000 0002.26Al-Andalus
0%
12 000 0003.87Eastern Roman Empire
0%
11 000 000---Karnataka
0%

Score Distribution

Percentile by Number Answered

Percent of People with Each Score

Your Score History

You have not taken this quiz